000 00588nam a2200193Ia 4500
008 151121s9999||||xx |||||||||||||| ||und||
082 _a813-/गोखले
082 _bHNW-33404
100 _aगोखले अ।
245 _aमंत्रमुग्धा
260 _b"पॉप्युलर बुक डेपो, मुंबई।"
260 _c--
300 _a162
600 _aगोखले अ।
630 _aमंत्रमुग्धा
700 _aगोखले अ।
730 _aमंत्रमुग्धा
942 _cBOOK
999 _c1226619
_d1226616